Представление документа в формате RUSMARC

ПолеНазваниеЗначение
  Тип записи a
  Библиографический уровень a
001 Контрольный номер RU/CBS_UL/BASE/6f3cd1530676439186f946cce339b5f9
005 Дата корректировки 20260411150127.4
100 Данные общей обработки __
a Данные общей обработки 20260411 ||| 0rusy0189 ca
101 Язык документа 0_
a Язык текста rus
102 Страна публикации __
a Страна публикации RU
200 Заглавие и сведения об ответственности 1_
a Заглавие Боярского думы
e Сведения, относящиеся к заглавию [о творческой судьбе актёра М. Боярского]
f Первые сведения об ответственности Е. Данилевич
300 Общие примечания __
a Общие примечания 16+
461 Уровень набора _0
1 2000
a Аргументы и факты
463 Уровень физической единицы _0
1 2000
a № 12 (25-31 марта)
v С. 20 : фот.
1 2101
d 2026
1 001RU/CBS_UL/BASE/665483c3211c49ccaf0eba7edab0b915
600 Персоналии _1
a Персоналии (Фамилия) Боярский
b Персоналии (Имя, инициалы) М.С.
606 Тематические рубрики 0_
a Основная рубрика Боярский, Михаил Сергеевич (1949)
610 Ключевые слова 0_
a Ключевые слова актёры советские, актёры российские, актёры театра, актёры кино, актёры телевидения, актёры озвучивания, актёры дубляжа, певцы, музыканты, телеведущие, народные артисты РСФСР
686 Индексы других классификаций __
2 Код системы rubbk
a Классификационный индекс 85.374(2)
700 Автор _1
a Фамилия Данилевич
b Имя (инициалы) Е.
801 Источник записи _0
a Страна RU
b Организация МБУК ЦБС г. Ульяновска
c Дата составления 20260411
g Правила каталогизации RCR
801 Источник записи _1
a Страна RU
b Организация МБУК ЦБС г. Ульяновска
c Дата составления 20260411
g Правила каталогизации RCR
901 Тип документа __
t Тип документа f
w Контрольный № источника RU/CBS_UL/BASE/665483c3211c49ccaf0eba7edab0b915
909 Создатель записи __
a Создатель записи lib1